00704nam a2200241 a 4500001001300000003000900013005001700022008004100039020002300080082001800103100002500121245002600146260004000172300000900212500003500221505001000256650002000266700002500286902000800311942000700319952011900326999001700445nice12345678IN_TiNIC20260116014139.0050524s2003 newa grp 000 0 eng  a812502X c69500a301.0954bCHA aChaudhuri, Maitrayee aPractice of Sociology aNew Delhi bOrient Blackswan c2003 a435p aincludes index and biblioraphy2 aIndex aSociology-India1 aChaudhuri, Maitrayee bSRS cBK 001040708StackRoom-aHMIbHMId2007-03-19g695.00l0o301.0954 CHAp020652r2007-03-19v695.00w2005-05-24yBK c14083d14083